Logo CIB grande

Modeling random processes for engineers and managers (Registro nro. 236890)

Detalles MARC
000 -LEADER
campo de control de longitud fija 00573nam a2200205Ia 4500
005 - FECHA Y HORA DE LA ÚLTIMA TRANSACCIÓN
campo de control 20250425162817.0
008 - DATOS DE LONGITUD FIJA--INFORMACIÓN GENERAL
campo de control de longitud fija 250425s9999 xx 000 0 und d
020 ## - NÚMERO INTERNACIONAL ESTÁNDAR DEL LIBRO
Número Internacional Estándar del Libro 9780470322550
041 ## - CÓDIGO DE IDIOMA
Código de lengua del texto/banda sonora o título independiente spa
082 ## - NÚMERO DE LA CLASIFICACIÓN DECIMAL DEWEY
Número de clasificación 620.0015118
Iniciales del Autor SOL
010 ## - NÚMERO DE CONTROL DE LA BIBLIOTECA DEL CONGRESO
Número de control de LC 109482
100 ## - ENTRADA PRINCIPAL--NOMBRE DE PERSONA
Nombre de persona Solberg, James
245 #0 - MENCIÓN DEL TÍTULO
Título Modeling random processes for engineers and managers
Mención de responsabilidad, etc. / James J. Solberg
260 ## - PUBLICACIÓN, DISTRIBUCIÓN, ETC.
Lugar de publicación, distribución, etc. Chichester
Nombre del editor, distribuidor, etc. : John Wiley
Fecha de publicación, distribución, etc. ,2009
300 ## - DESCRIPCIÓN FÍSICA
Extensión 304 páginas
650 ## - PUNTO DE ACCESO ADICIONAL DE MATERIA--TÉRMINO DE MATERIA
Término de materia o nombre geográfico como elemento de entrada Ingeniería-Modelos matemáticos
650 ## - PUNTO DE ACCESO ADICIONAL DE MATERIA--TÉRMINO DE MATERIA
Término de materia o nombre geográfico como elemento de entrada Modelos estocásticos
920 ## -
-- 30249601
942 ## - ELEMENTOS DE ENTRADA SECUNDARIOS (KOHA)
Tipo de ítem Koha Libros
Existencias
Estatus retirado Estado de pérdida Estado de daño No para préstamo Biblioteca de origen Biblioteca actual Fecha de adquisición Coste, precio normal de compra Etiqueta RFID Total de préstamos Código de barras Copia número Tipo de ítem Koha Nota pública Ubicación en estantería
        CENTRO DE INFORMACIÓN BIBLIOTECARIA CENTRO DE INFORMACIÓN BIBLIOTECARIA 24/11/2020 190.00 0000000000000000035399   80275 1 Libros Valladolid  
        CENTRO DE INFORMACIÓN BIBLIOTECARIA CENTRO DE INFORMACIÓN BIBLIOTECARIA 20/06/2022 190.00 0000000000000000035566   80655 3 Libros    
        CENTRO DE INFORMACIÓN BIBLIOTECARIA CENTRO DE INFORMACIÓN BIBLIOTECARIA 27/11/2020 220.00     D-202340 2   Tecnilibros  

Copyright 2025 ESPOL. Todos los derechos reservados.